Phonology and phonetics in Coatzospan Mixtec

Bibliographic Details
Published in:Studies in natural language and linguistic theory
Main Author: Gerfen, Chip
Content type: Book
Published: Dordrecht [etc.]: Kluwer 1999
Series:Studies in natural language and linguistic theory ; 48
Source:MPIPL_cat

MARC

LEADER 00000nam a2200000 ub4500
001 PL0094469
003 PLI01000000000000000092088
005 00000000000000.0
008 ||| u
020 |a 0-7923-6034-6 
020 |a 9780792360346 
090 |a 206-Ger/1 
100 1 |a Gerfen, Chip 
245 0 0 |a Phonology and phonetics in Coatzospan Mixtec  |c Chip Gerfen 
260 |a Dordrecht [etc.]  |b Kluwer  |c 1999 
300 |a VII, 304 p. 
490 0 |a Studies in natural language and linguistic theory  |v 48 
830 0 |w PL0000540 
852 |c 206-Ger/1  |m BOOK 
989 |a 01-06